Estudio de prefactibilidad técnico económico de una distribuidora de vehículos livianos
Presenta el estudio de prefactibilidad técnico - económica del proyecto de inversión para la apertura de una distribuidora de vehículos, venta de repuestos y taller de servicio bajo la firma de NIMAC en un plazo máximo de 6 meses.
| Main Authors: | , , |
|---|---|
| Other Authors: | |
| Format: | Tesis Section = Libro |
| Language: | Undetermined Spanish |
| Published: |
Managua
UNI
1995
|
| Subjects: |
| LEADER | 01133nam a2200265Ia 4500 | ||
|---|---|---|---|
| 008 | 240830s9999 xx 000 0 und d | ||
| 040 | |a BIBLIOTECA-RUPAP Mon 658.404 S586 | ||
| 041 | |a spa | ||
| 082 | |a Mon 658.404 S586 | ||
| 100 | 1 | |a Silva Bustamante, Armando José | |
| 100 | 1 | |b Alemendarez Palacios, Marbelly Martha. | |
| 100 | 1 | |c Zepeda Acevedo, Francisco José | |
| 245 | 1 | 0 | |a Estudio de prefactibilidad técnico económico de una distribuidora de vehículos livianos |
| 260 | |a Managua |b UNI |c 1995 | ||
| 300 | |a 302 p. :il. | ||
| 500 | |a Contiene: anexos. | ||
| 502 | |a Tesis (Ingeniero Industrial)- UNI, 1995. | ||
| 520 | 3 | |a Presenta el estudio de prefactibilidad técnico - económica del proyecto de inversión para la apertura de una distribuidora de vehículos, venta de repuestos y taller de servicio bajo la firma de NIMAC en un plazo máximo de 6 meses. | |
| 650 | 7 | |a ADMINISTRACIÓN DE PROYECTOS | |
| 650 | 7 | |b ESTUDIO DE MERCADO | |
| 650 | 7 | |c DISTRIBUCIÓN - ECONOMÍA SOBRE VEHÍCULOS LIVIANOS. | |
| 700 | 1 | |a Tutor: |b D´melo Carvalho, Aristeu Tadeu | |
| 942 | |c BK |2 ddc | ||
| 991 | |a TESIS | ||
| 999 | |c 17408 | ||